[Event "5. FIDE GP"]
[Site "Jermuk ARM"]
[Date "2009.08.12"]
[Round "4"]
[White "Ivanchuk, Vassily"]
[Black "Alekseev, Evgeny"]
[Result "1-0"]
[WhiteElo "2703"]
[BlackElo "2714"]
[PlyCount "61"]
[EventDate "2009.08.09"]
[EventType "tourn"]
[EventRounds "13"]
[EventCountry "ARM"]
[EventCategory "19"]
[Source "Mark Crowther"]
[SourceDate "2009.01.05"]

{A13: Reti-Eröffnung} 1. c4 Nf6 2. Nf3 e6 3. g3 d5 4. Bg2 d4 5. O-O c5 6. e3
Nc6 7. exd4 cxd4 8. d3 Be7 9. Re1 (9. Na3 O-O 10. Nc2 a5 11. Re1 (11. b3 Ne8
12. a3 f6 13. Bd2 e5 14. b4 a4 15. Nfe1 Nc7 16. f4 Qe8 17. f5 b5 18. cxb5 Nxb5
19. Qf3 Bd7 20. Qd5+ Kh8 21. Qxb5 Nxb4 22. Qb7 Rb8 23. Qf3 Bc6 24. Qd1 Nxc2 25.
Qxc2 {Ptacnikova,L (2237)-Milligan,H (1957)/Dresden 2008/1-0}) 11... Re8 12. b3
Nd7 13. Rb1 e5 14. a3 f6 15. b4 axb4 16. axb4 Nb6 17. b5 Nb8 18. Nb4 N8d7 19.
Nd2 Nc5 20. Ne4 Nca4 21. g4 f5 22. gxf5 Bxf5 23. Bd2 Qd7 {Ionov,S (2519)
-Vitiugov,N (2550)/St Petersburg 2006/1-0}) 9... O-O 10. Na3 Ne8 $146 (10...
Nd7 11. Nc2 Nc5 (11... e5 12. b4 Nxb4 13. Nxe5 Nxc2 14. Qxc2 Nc5 15. Ba3 Qc7
16. Rab1 a6 17. Bd5 Rb8 18. Qe2 Be6 19. Bxc5 Bxc5 20. Bxe6 fxe6 21. f4 Rbe8 22.
Qg2 Re7 23. Re4 Rfe8 24. Qe2 Bd6 25. Nf3 e5 26. f5 {Lisitsin,
G-Konstantinopolsky,A/Moskau 1948/URS-ch/1/2-1/2}) 12. b4 Na4 13. b5 Nb8 14.
Ncxd4 Nc5 15. Ba3 a6 16. Nb3 Nxb3 17. Bxe7 Qxe7 18. axb3 Rd8 19. Qc2 Nd7 {
Gross,S (2420)-Zvolanek,L (2260)/Bratislava 1990/1-0}) 11. Nc2 f6 12. Bd2 a5
13. a3 a4 14. Nb4 Nc7 15. Rb1 Bd7 16. Nh4 Na5 17. f4 g6 (17... Bd6 18. Nc2 $14)
18. f5 (18. Nc2 Nc6 $11) 18... gxf5 19. g4 (19. Bh6 Rf7 $11) 19... f4 (19...
fxg4 20. Qxg4+ Kh8 21. Qxd4 $15) 20. Bxf4 $11 Na6 (20... Rf7 $5 $11) 21. Nd5
$14 exd5 22. Bxd5+ Kg7 23. Kh1 (23. Qe2 $142 Bc5 24. Qg2 $14) 23... Re8 $4 (
23... Nc6 $142 24. Nf5+ Kh8 $11) 24. g5 $18 Kh8 (24... Bc6 25. Bxc6 Nxc6 $18)
25. Qh5 Rg8 26. Bxg8 Kxg8 (26... Qxg8 27. Rxe7 Bc6+ 28. Kg1 Be8 29. Be5 Bxh5
30. Bxf6+ Qg7 31. Rxg7 Rf8 32. Nf5 Rxf6 33. gxf6 h6 34. f7 Bxf7 35. Rxf7 Nxc4
36. dxc4 Nc7 37. Rxc7 Kg8 38. Nxh6+ Kh8 39. Re1 d3 40. Re8#) 27. g6 Bc6+ 28.
Re4 $1 Bxe4+ 29. dxe4 hxg6 (29... Qd5 30. Qxh7+ Kf8 31. exd5 Ke8 32. g7 Rb8 33.
g8=Q+ Bf8 34. Qhf7+ Kd8 35. Qgxf8#) 30. Qxg6+ Kh8 31. Qh5+ (31. Qh5+ Kg8 32.
Rg1+ Kf8 33. Bh6#) 1-0

[Event "Arctic Chess Challenge 2009"]
[Site "Tromsø"]
[Date "2009.08.01"]
[Round "6"]
[White "Rasmussen, Allan Stig"]
[Black "Robson, Ray"]
[Result "0-1"]
[WhiteElo "2536"]
[BlackElo "2491"]
[PlyCount "86"]
[EventDate "2009.??.??"]
[Source "Mark Crowther"]
[SourceDate "2009.01.05"]

{E04: Katalanisch} 1. d4 d5 2. c4 e6 3. Nf3 Nf6 4. g3 dxc4 5. Bg2 Bb4+ 6. Bd2
c5 7. Bxb4 cxb4 8. Ne5 O-O 9. Nxc4 Nc6 10. e3 e5 11. d5 b5 12. dxc6 Qxd1+ 13.
Kxd1 bxc4 14. a3 Bg4+ $146 (14... b3 15. Nd2 Be6 16. Rc1 Rac8 17. Nxc4 e4 18.
Nd2 Bd5 19. c7 Rfe8 20. Bh3 Be6 21. Bxe6 Rxe6 22. Ke2 Re7 23. Rhd1 Rexc7 24.
Rxc7 Rxc7 25. Nxe4 Rc2+ 26. Ke1 Kf8 27. Nxf6 gxf6 28. Rd2 Rc1+ 29. Ke2 {So,W 
(2646)-Chan Wei Xuan,T (2344)/Ho Chi Minh City VIE 2009/1-0}) 15. Kc1 b3 16.
Nc3 Rac8 17. h3 Be6 (17... Bf5 $5 $11) 18. Rd1 $14 Rfd8 19. f4 (19. a4 Rxd1+
20. Kxd1 Kf8 $14) 19... e4 20. g4 (20. Bxe4 $143 Rxd1+ 21. Kxd1 Nxe4 22. Nxe4
Bxh3 $15) 20... Nd5 (20... Rxd1+ 21. Kxd1 Rxc6 22. Ke1 $14) 21. Bxe4 $14 (21.
Nxe4 $143 Nxe3 22. Rxd8+ Rxd8 $17) 21... Nxe3 22. Rxd8+ Rxd8 23. c7 Rd4 24. Bb7
h6 25. f5 Bd7 26. c8=Q+ Bxc8 27. Bxc8 Kf8 {Der Koenig begibt sich auf die
lange Reise ins feindliche Lager} (27... Nc2 28. Rb1 Ne1 29. Nb5 $16) 28. Ba6 (
28. Bb7 Ke7 $11) 28... Rd6 (28... Nf1 29. Bb7 $14) 29. Bb7 $16 a5 30. Bf3 Ke7
31. a4 (31. Be2 $5 $16) 31... Rd4 $14 32. Be2 Kf6 33. h4 Ke5 34. Rb1 Kf4 35.
Nb5 Rd7 36. Nc3 Kg3 37. g5 $4 (37. h5 $142 $11) 37... hxg5 $19 38. hxg5 Kf2 39.
Bh5 $4 (39. Ra1 $142 Ke1 40. Ra3 $19) 39... Ke1 $19 40. f6 (40. Ne4 Nxf5 41.
Ra1 g6 $19) 40... gxf6 (40... Rd2 41. Bg6 fxg6 42. Ra1 Rc2+ 43. Kb1 Nf1 44. Ne4
Nd2+ 45. Nxd2 Rxd2 46. Ra2 Rd1#) 41. gxf6 (41. Ra1 fxg5 42. Bf3 $19) 41... Rd2
42. Ra1 (42. Bg6 fxg6 43. Ra1 Rc2+ 44. Kb1 Nf1 45. Ne4 Nd2+ 46. Nxd2 Kxd2 47.
Ra3 Rc1#) 42... Rc2+ 43. Kb1 Nf1 (43... Nf1 44. Ne4 Nd2+ 45. Nxd2 Kxd2 46. Bxf7
Rc1#) 0-1

[Event "GM-Turnier"]
[Site "Biel "]
[Date "2009.07.27"]
[Round "7"]
[White "Vachier Lagrave, Maxime"]
[Black "Caruana, Fabiano"]
[Result "1-0"]
[WhiteElo "2703"]
[BlackElo "2670"]
[PlyCount "75"]
[EventDate "2009.07.19"]
[EventType "tourn"]
[EventRounds "10"]
[EventCountry "SUI"]
[EventCategory "19"]
[Source "Mark Crowther"]
[SourceDate "2009.01.05"]

1. e4 e5 2. Nf3 Nc6 3. Bb5 Nf6 4. O-O Nxe4 {C67: Spanische Partie 
(Rio-de-Janeiro-Variante)} 5. d4 Nd6 6. Bxc6 dxc6 7. dxe5 Nf5 8. Qxd8+ Kxd8 9.
Nc3 Ke8 10. h3 h5 11. Bf4 Be7 12. Rad1 (12. Ne4 Nh4 13. Nxh4 Bxh4 14. Ng5 Bf5
15. c3 Bxg5 16. Bxg5 Kd7 17. Rad1+ Kc8 18. Rd2 b6 19. Rfd1 Kb7 20. Rd8 Raxd8
21. Rxd8 Rxd8 22. Bxd8 Bg6 {Bacrot,E (2721)-Jakovenko,D (2760)/Dortmund 2009/
1/2-1/2}) 12... Nh4 13. Nd4 $146 (13. Nxh4 Bxh4 14. Ne2 Bd7 15. e6 Bxe6 16. Nd4
Bf6 17. Nxe6 fxe6 18. Bxc7 Rc8 19. Bf4 Ke7 20. Be3 b6 21. b3 Rhd8 22. g4 hxg4
23. hxg4 Bc3 24. Bg5+ Bf6 25. Be3 Bc3 26. Rxd8 Rxd8 27. Kg2 Bd2 {Dominguez
Perez,L (2717)-Wang Yue (2739)/Wijk aan Zee 2009/1/2-1/2}) 13... Nf5 14. Nce2
g5 15. Bh2 a6 (15... Nxd4 16. Nxd4 Be6 17. Nxe6 fxe6 18. Rd2 $14) 16. e6 $14
Nd6 17. Rfe1 Rh6 (17... fxe6 18. Nc1 $14) 18. exf7+ $14 Kxf7 19. Nf3 g4 (19...
Rh8 20. Ne5+ Kg7 21. c4 $14) 20. Ne5+ Kg7 21. Bf4 Rh7 22. hxg4 hxg4 23. Ng3 Bf6
24. Nd3 Nf5 (24... a5 25. a4 $16) 25. Ne4 $16 Be7 (25... Nd6 $142 $5 26. Nxf6
Kxf6 $16) 26. Bxc7 $18 Be6 27. Nf4 Bf7 28. Rd7 Re8 (28... Kf8 $18) 29. Ng5 $3
Rh6 (29... Bxg5 30. Rxe8) 30. Be5+ Kg8 31. Nxf7 Kxf7 32. Bc3 g3 (32... b6 33.
Re5 Ng7 34. Rb7 $18) 33. Re5 (33. fxg3 $5 a5 34. Re5 Rf6 $18) 33... gxf2+ 34.
Kxf2 Nd6 (34... Ng7 35. Rxb7 Ne6 36. Kf3 Nxf4 37. Kxf4 $18) 35. Bb4 (35. g4 $5
Nc8 36. Rxb7 Nd6 $18) 35... Nc8 36. Rxb7 Rh4 (36... Kf8 $18) 37. Bxe7 Rxf4+ 38.
Ke3 (38. Ke3 Nxe7 39. Kxf4 $18 a5 40. a4 Kf6 41. Rbxe7 Rxe7 42. Rxe7 Kxe7 43.
Kf5 Kf7 44. b4 $18) 1-0

[Event "GM-Turnier"]
[Site "Biel"]
[Date "2009.07.19"]
[Round "1"]
[White "Morozevich, Alexander"]
[Black "Alekseev, Evgeny"]
[Result "1-0"]
[WhiteElo "2751"]
[BlackElo "2714"]
[PlyCount "67"]
[EventDate "2009.07.19"]
[EventType "tourn"]
[EventRounds "10"]
[EventCountry "SUI"]
[EventCategory "19"]
[Source "Mark Crowther"]
[SourceDate "2009.01.05"]

{E36: Nimzoindisch (4.Dc2)} 1. d4 Nf6 2. c4 e6 3. Nc3 Bb4 4. Qc2 O-O 5. a3
Bxc3+ 6. Qxc3 d5 7. cxd5 Ne4 8. Qc2 exd5 9. Bf4 Bf5 10. Qxc7 Qxc7 11. Bxc7 Rc8
12. Bf4 Rc2 $146 (12... Nc6 13. Rd1 Na5 14. g4 Bd7 15. f3 Nf6 16. Nh3 Ba4 17.
Rd3 Rc2 18. b4 Nc4 19. Kf2 Re8 20. Bg5 Nd7 21. Bh4 Nb2 {Wiley,T (2287)-Balogh,
C (2595)/Arinsal 2009/ 0-1}) (12... Nc6 $5 13. f3 Nf6 $14) 13. f3 $14 Nf6 14.
g4 Bg6 15. h4 (15. Rc1 $5 $16) 15... Rxb2 $14 16. h5 Bc2 17. e3 Ba4 (17... Nc6
18. Rh2 Na5 19. Bd3 $11) 18. Rh2 Rb3 19. Ne2 Nbd7 20. g5 Ne8 21. Nc1 Rb6 22.
Na2 Nf8 23. Nb4 Rd8 24. h6 (24. Bh3 Ne6 $14) 24... Ne6 $11 25. hxg7 Nxf4 26.
exf4 Nxg7 27. Bd3 Ne6 (27... h5 28. gxh6 Ne6 29. Kf2 Nxf4 30. Rh4 Nxd3+ 31.
Nxd3 $11) 28. f5 $14 Nf4 29. f6 h5 $2 (29... Nxd3+ 30. Nxd3 Rb3 $16) 30. Kf2
$18 a5 $4 (30... Rxb4 31. axb4 Nxd3+ 32. Kg3 Kh7 33. Rxa4 Kg6 $18) 31. Kg3 Ng6
32. Rxh5 axb4 33. Rah1 bxa3 (33... Rxf6 34. gxf6 Rd6 35. axb4 Rxf6 36. Rxd5 Kf8
$18) 34. Rh7 (34. Rh7 Rxf6 35. gxf6 $18) (34. Bxg6 fxg6 35. Rh8+ Kf7 36. R1h7+
Ke6 37. Rxd8 Kf5 38. f7 Be8 39. f8=Q+ Bf7 40. Qxf7+ Kxg5 41. Qf4#) 1-0

[Event "SEM Nationalturnier"]
[Site "Graechen"]
[Date "2009.07.15"]
[Round "7"]
[White "Korchnoi, Viktor"]
[Black "Williams, Simon"]
[Result "0-1"]
[WhiteElo "2561"]
[BlackElo "2527"]
[PlyCount "58"]
[EventDate "2009.??.??"]
[Source "Mark Crowther"]
[SourceDate "2009.01.05"]

{E90: Königsindisch (Klassisches System)} 1. d4 Nf6 2. c4 g6 3. Nc3 Bg7 4. e4
d6 5. Nf3 O-O 6. h3 e5 7. d5 a5 8. Bg5 h6 9. Be3 Na6 10. Bd3 c6 $146 (10... b6
11. Rc1 Bd7 12. Qd2 Kh7 13. g4 Rh8 14. Ke2 Qe8 15. Rcg1 Kg8 16. Nh4 Nb4 17. b3
a4 18. f3 axb3 19. axb3 Ra3 20. Qb2 Ra8 21. Ra1 Rxa1 22. Rxa1 g5 23. Nf5 Bxf5
24. gxf5 Nh5 25. Ra7 {Shabanaj,E (2093)-Colombo,C (2071)/Dresden 2008/0-1}) (
10... Bd7 11. Qd2 Nxe4 12. Bxe4 f5 13. Bxh6 fxe4 14. Nxe4 b5 15. Bxg7 Kxg7 16.
cxb5 Bxb5 17. Nfg5 Kg8 18. a4 Bd7 19. O-O Nb4 20. Ra3 Qe7 21. Rg3 Bf5 22. h4 c6
23. Nc3 Qb7 24. dxc6 Qxc6 25. h5 {Balashov,Y (2521)-Bakutin,A (2267)/Tula 2003/
1-0}) (10... Nc5 11. Bc2 Nh5 12. Qd2 Nf4 13. Rg1 a4 14. O-O-O f5 15. Nxe5 a3
16. Bxf4 axb2+ 17. Kb1 g5 18. Ng6 gxf4 19. Nxf8 Qxf8 20. exf5 Bxf5 21. g4 Bxc2+
22. Qxc2 b5 23. Nxb5 Ra4 24. Rge1 Qf7 25. Re2 {Gheorghiu,F (2470)-Kamber,B 
(2280)/Zuerich 1990/1-0}) (10... Nh5 11. g3 $11) 11. Qd2 Kh7 12. O-O cxd5 13.
cxd5 Nd7 14. Nh2 (14. Rac1 b6 $14) 14... Ndc5 15. Bc2 (15. Bxa6 Nxa6 16. Na4 f5
$14) 15... f5 16. f4 exf4 17. Rxf4 (17. Bxf4 $143 Qb6 18. exf5 Bxf5 $17) 17...
fxe4 18. Raf1 Rxf4 19. Rxf4 Nb4 20. Bxe4 Nxe4 21. Nxe4 Bf5 (21... Qe7 22. a3 g5
23. Nxg5+ hxg5 24. Rc4 $11) 22. Nc3 Qe7 23. Rf3 Re8 24. Ng4 (24. Bf2 $5 $11)
24... h5 $15 25. Nf2 Nc2 26. Bf4 $2 (26. Ncd1 $5 Qh4 27. Rf4 $17) 26... Bd4 $17
27. Kh2 $2 (27. Ncd1 $142 $5 $17) 27... Qe1 $19 28. g4 $4 (28. h4 Be5 29. Qxe1
Nxe1 30. Kg3 Nxf3 31. gxf3 $19) 28... Qf1 29. gxf5 (29. Rg3 Bxf2 30. Rg2 $19)
29... Ne1 (29... Ne1 30. fxg6+ Kg8 31. Rg3 Bxf2 32. Qd1 Bxg3+ 33. Kxg3 Qg2+ 34.
Kh4 Nf3+ 35. Qxf3 Qxf3 36. Bxd6 Qf6+ 37. Kxh5 Qxd6 38. Kg4 Rf8 39. Ne2 Qxg6+
40. Kh4 Qe4+ 41. Kg5 Rf5+ 42. Kh6 Qh4+ 43. Kg6 Qg5#) 0-1

[Event "Sparkassen GM"]
[Site "Dortmund GER"]
[Date "2009.07.10"]
[Round "8"]
[White "Kramnik, Vladimir"]
[Black "Carlsen, Magnus"]
[Result "1-0"]
[WhiteElo "2759"]
[BlackElo "2772"]
[PlyCount "71"]
[EventDate "2009.07.02"]
[EventType "tourn"]
[EventRounds "10"]
[EventCountry "GER"]
[EventCategory "20"]
[Source "Mark Crowther"]
[SourceDate "2009.01.05"]

{D37: Damengambit (5.Lf4)} 1. d4 d5 2. c4 e6 3. Nf3 Nf6 4. Nc3 Be7 5. Bf4 O-O
6. e3 c5 7. dxc5 Bxc5 8. a3 Nc6 9. Qc2 Qa5 10. Rd1 Be7 11. Be2 dxc4 12. Bxc4
Nh5 13. O-O (13. Bd3 g6 14. Bh6 Rd8 15. O-O Bd7 16. Be2 a6 17. Nd2 Nf6 18. Bf4
e5 19. Bg5 Be6 20. h3 Rac8 21. Bxf6 Bxf6 22. Bg4 Bxg4 23. hxg4 Nd4 24. Qa4 Ne2+
25. Kh2 Qxa4 26. Nxa4 Be7 27. Nb6 Rc2 {Vallejo Pons,F (2702)-Short,N (2663)/
Wijk aan Zee 2009/ 0-1}) 13... Nxf4 14. exf4 g6 (14... Rd8 15. Rxd8+ Qxd8 16.
Rd1 Bd7 17. f5 Qc8 18. Qd3 Be8 19. fxe6 fxe6 20. Nd5 Qd8 21. Qe2 Bf7 22. Nf4
Qe8 23. Nxe6 Bf6 24. Re1 h6 25. Qd3 Qc8 26. Ba2 Ne5 27. Nxe5 Bxe6 28. Nd7 Bxa2
29. Nxf6+ {Gupta,A (2569)-Kjartansson,G (2365)/Reykjavik 2009/1-0}) 15. g3 Rd8
$146 (15... Bf6 16. Rd3 Qf5 17. Re1 Na5 18. Ba2 Bd7 19. Nh4 Bxh4 20. Re5 Qg4
21. Rxd7 Nc6 22. Rb5 Bf6 23. Kg2 e5 24. Rbxb7 Nd8 25. Nd5 Bg7 26. Rxa7 Rxa7 27.
Rxa7 exf4 28. Nxf4 Bh6 29. h3 Qg5 30. b4 {Epishin,V (2600)-Atalik,S (2561)/
Bratto 2005/ 1-0}) 16. Rxd8+ Qxd8 17. Rd1 Bd7 18. f5 (18. b4 $5 Rc8 19. Ne4 $14
) 18... gxf5 $11 19. Qd2 Qb6 20. Qh6 Be8 (20... Qxb2 $4 21. Ng5 Bxg5 22. Qxg5+
Kf8 23. Qf6 $18 (23. Rxd7 $6 Qxc3 24. Qh6+ Kg8 $11)) 21. Ng5 Bxg5 22. Qxg5+ Kf8
23. Qh6+ Kg8 24. Qg5+ Kf8 25. Rd6 Qc7 $4 (25... Qc5 $142 26. Ne4 Qxc4 $11) 26.
Qh6+ $18 Ke7 27. Qh4+ (27. Nb5 Qxd6 28. Nxd6 Kxd6 29. Qxh7 Ke7 $18) 27... Kf8
28. Qh6+ Ke7 29. Nb5 Qa5 $4 (29... Qxd6 $142 30. Nxd6 Kxd6 31. Qxh7 Ne5 $18)
30. b4 Nxb4 (30... Qxb5 31. Rxe6+ $1 fxe6 32. Qxe6+ Kd8 33. Bxb5 Rc8 $18) 31.
Rxe6+ $1 fxe6 32. Qxe6+ Kd8 33. Qf6+ Kc8 34. Qxf5+ Kd8 (34... Bd7 35. Nd6+ Kc7
36. Qxa5+ Kxd6 37. Qxb4+ Kc7 38. Qa5+ Kd6 39. f4 $18) 35. Qf6+ (35. axb4 $6
Qxb4 36. Qg5+ Qe7 37. Qd5+ Bd7 38. Qg8+ Qe8 39. Qg5+ Qe7 40. Qg8+ Be8 41. Qd5+
Bd7 $11) 35... Kc8 36. axb4 (36. axb4 Bxb5 37. bxa5 Bxc4 38. Qh8+ Kc7 39. Qxa8
$18) 1-0

[Event "Sparkassen GM"]
[Site "Dortmund GER"]
[Date "2009.07.02"]
[Round "1"]
[White "Carlsen, Magnus"]
[Black "Jakovenko, Dmitrij"]
[Result "1-0"]
[WhiteElo "2772"]
[BlackElo "2760"]
[PlyCount "97"]
[EventDate "2009.07.02"]
[EventType "tourn"]
[EventRounds "10"]
[EventCountry "GER"]
[EventCategory "20"]
[Source "Mark Crowther"]
[SourceDate "2009.01.05"]

{C67: Spanische Partie (Rio-de-Janeiro-Variante)} 1. e4 e5 2. Nf3 Nc6 3. Bb5
Nf6 4. O-O Nxe4 5. d4 Nd6 6. Bxc6 dxc6 7. dxe5 Nf5 8. Qxd8+ Kxd8 9. Nc3 Ke8 10.
h3 h5 11. Ne2 Be7 12. Bg5 Be6 13. Nf4 Bd5 14. Bxe7 Kxe7 15. Ng5 Nd4 16. Rad1
$146 (16. Rfd1 Ne6 17. Ngxe6 Bxe6 18. h4 g6 19. f3 a5 20. Kf2 (20. a3 a4 21.
Rd2 Ra5 22. Re1 Rb5 23. c3 Ra8 24. Re4 Raa5 25. Rde2 Bf5 26. Rb4 Rxe5 27. Rxe5+
Rxe5 28. Rxb7 Kd6 29. Rb4 {Volokitin,A (2671)-Alekseev,E (2716)/Dagomys RUS
2009/ 1/2-1/2}) 20... a4 21. a3 Ra5 22. Rd4 Rha8 23. Nxe6 Kxe6 24. f4 Rd5 25.
Rc4 Rd2+ 26. Kf3 Kd5 27. Rc3 Ra5 28. Rc1 Rc5 29. Rxc5+ Kxc5 30. g4 hxg4+ {
Felgaer,R (2580)-Neubauer,M (2454)/Turin 2006/1-0}) 16... Ne6 17. Ngxe6 Bxe6
18. h4 a5 (18... Bxa2 $2 19. b3 $18) 19. a3 a4 20. Rfe1 g6 21. f3 Ra5 22. c3
Rb5 23. Re2 Ra8 24. Rd4 Raa5 25. Kf2 Rxe5 26. Rxe5 Rxe5 27. Rxa4 Rb5 28. b4 c5
29. Ra7 cxb4 30. cxb4 Kd7 31. Ne2 Rb6 32. Ke3 Bc4 33. Nd4 Kd6 (33... Bd5 34.
Kd3 $14) 34. Ra5 $14 Ra6 (34... Be6 35. Kf4 $14) 35. Rxa6+ bxa6 36. g4 hxg4 37.
fxg4 Ke5 38. Nc6+ Kf6 39. Kf4 Ke6 (39... Kg7 $5 $16) 40. h5 $18 gxh5 41. gxh5
Bd3 $4 (41... Bf1 $142 $16) 42. Ke3 $18 Bf1 43. h6 Kf6 44. Ne5 $1 Bb5 (44...
Kxe5 45. h7) 45. Kd4 Ba4 (45... Be2 $18) 46. h7 Kg7 47. Nxf7 $1 Kxh7 (47...
Kxf7 48. h8=Q) 48. Ng5+ Kg6 49. Ne6 1-0

[Event "2. Marshall Chess Club  Int"]
[Site "New York"]
[Date "2009.06.20"]
[Round "4"]
[White "Barbosa, Oliver A."]
[Black "Ehlvest, Jaan"]
[Result "1-0"]
[WhiteElo "2425"]
[BlackElo "2606"]
[PlyCount "69"]
[EventDate "2009.06.19"]
[EventType "swiss"]
[EventRounds "9"]
[EventCountry "USA"]
[Source "Mark Crowther"]
[SourceDate "2009.01.05"]

{D78: Grünfeld-Verteidigung (3.g3)} 1. Nf3 Nf6 2. c4 g6 3. Nc3 Bg7 4. g3 O-O 5.
Bg2 d5 6. d4 dxc4 7. O-O c6 8. a4 a5 9. e4 Nfd7 (9... Na6 10. Qe2 Nb4 11. Qxc4
Nd7 12. Bf4 Nb6 13. Qe2 Be6 14. Rfc1 Bc4 15. Qd2 Nd3 16. Rd1 Nxf4 17. Qxf4 Qd6
18. Qxd6 exd6 19. b3 Be6 20. Rab1 d5 21. Ng5 Bg4 22. f3 Bd7 23. Bh3 Bxh3 24.
Nxh3 {Berkovich,D (2415)-Fedorowicz,J (2520)/New York 1994/ 1/2-1/2}) (9...
Nbd7 10. Qe2 Nb6 11. h3 Ne8 12. Be3 Nd6 13. Rad1 f6 14. g4 Be6 15. d5 cxd5 16.
exd5 Bd7 17. Nd4 Nxa4 18. Ne6 Nxc3 19. bxc3 Bxe6 20. dxe6 Qc7 21. Rb1 Ra6 22.
Bf4 Rb8 23. Rb5 Bh6 24. Bg3 {Rolle,E (2181)-Pribyl,J (2408)/Schwaebisch Gmuend
2005/ 0-1}) 10. Be3 $146 (10. Qe2 Nb6 11. Rd1 Bg4 12. h3 Bxf3 13. Bxf3 Na6 14.
d5 Qc7 15. h4 Nb4 16. Bf4 Be5 17. Bh6 Rfd8 18. Kg2 Nd3 19. h5 Bg7 20. Bxg7 Kxg7
21. Rh1 g5 22. h6+ Kh8 23. Qe3 f6 24. Be2 Ne5 {Udovcic,M-Filip,M/Zagreb 1965/
0-1}) 10... Na6 11. Qe2 Nb6 12. Ne5 Be6 (12... Nb4 13. f4 $11) 13. Rad1 (13. d5
cxd5 14. exd5 Bf5 15. Bxb6 Qxb6 16. Nxc4 Qc5 $11) 13... Nb4 14. f4 (14. d5 cxd5
15. exd5 Bf5 (15... N4xd5 $143 16. Nxd5 Nxd5 17. Nxc4 $16) 16. Bxb6 Qxb6 17.
Nxc4 Qa6 $11) 14... Ra6 $14 15. Kh1 (15. f5 $5 Bc8 16. Kh1 $14) 15... Qc8 $15
16. Qf2 (16. d5 cxd5 17. exd5 Bf5 18. Bxb6 Bxe5 19. fxe5 Rxb6 $15) 16... Bh3 (
16... f6 17. Nf3 Qc7 18. f5 $15) 17. Bxh3 (17. Qe2 Bxg2+ 18. Kxg2 e6 $11) 17...
Qxh3 $15 18. d5 (18. Qe2 $5 $15) 18... Bxe5 $17 19. fxe5 Nd7 20. Bc5 (20. d6
exd6 21. exd6 Nd3 $17) 20... Nxe5 (20... Nd3 21. Rxd3 cxd3 22. Bxe7 $19) 21.
Bxe7 $17 Nbd3 22. Qe2 Re8 23. d6 (23. Bf6 $5 $17) 23... Rb6 $19 24. Rd2 Rb3 (
24... Rxb2 25. Rxb2 Nxb2 26. Qg2 Qxg2+ 27. Kxg2 $19) 25. Nd1 Qe6 26. Ne3 (26.
Rc2 $142 $19) 26... Rxe7 (26... Rb4 $142 $19) 27. dxe7 $15 Qxe7 28. Nxc4 Nxc4
29. Rxd3 Rxb2 30. Qg4 Ne5 (30... Nd6 $142 $5 $17) 31. Qc8+ $11 Kg7 32. Rd8 Kh6
33. Re8 Qg5 $4 (33... Qc5 34. Rh8 Rf2 35. Qh3+ Kg7 36. Qxh7+ Kf6 37. Qh4+ g5
38. Qh6+ Ng6 39. e5+ Kf5 40. Qh3+ Kxe5 41. Rd8 $11) 34. Rf4 (34. Rh8 $142 Rxh2+
35. Kxh2 Ng4+ 36. Kh3 Qh5+ 37. Kg2 Qh2+ 38. Kf3 Ne5+ 39. Kf4 Nd3+ 40. Ke3 Qxg3+
41. Rf3 Qg1+ 42. Kxd3 Qd1+ 43. Ke3 Qc1+ 44. Kf2 Qd2+ 45. Kg1 Qe1+ 46. Kg2 Qe2+
47. Kg3 Qe1+ 48. Kf4 Qc1+ 49. Ke5 Qa1+ 50. Kd6 Qd1+ 51. Kc7 Qxf3 52. Qf8+ Kg5
53. Rxh7 Qxe4 54. Rxf7 $18) 34... f5 $4 (34... Rb1+ $142 35. Kg2 Rb2+ 36. Kh1
Rb1+ 37. Kg2 Rb2+ 38. Kh1 $11) 35. Rxe5 $18 1-0

[Event "3. Kings' Tournament"]
[Site "Bazna "]
[Date "2009.06.15"]
[Round "2"]
[White "Gelfand, Boris"]
[Black "Nisipeanu, Liviu Dieter"]
[Result "1-0"]
[WhiteElo "2733"]
[BlackElo "2675"]
[PlyCount "71"]
[EventDate "2009.06.14"]
[EventCountry "ROM"]
[Source "Mark Crowther"]
[SourceDate "2009.01.05"]

{E97: Königsindisch (Klassisches System)} 1. d4 d6 2. Nf3 g6 3. c4 Bg7 4. e4
Nf6 5. Nc3 O-O 6. Be2 e5 7. O-O Nc6 8. d5 Ne7 9. b4 Nh5 10. Re1 a5 11. bxa5 f5
12. Nd2 Nf6 13. c5 Rxa5 14. Nb3 Ra8 15. f3 f4 16. a4 g5 17. Ba3 h5 $146 (17...
Ng6 18. a5 (18. Nb5 Ne8 19. Nd2 Nh4 20. Rc1 h5 21. Rc3 Rf6 22. cxd6 cxd6 23.
Rf1 Bd7 24. Rf2 Bh6 25. Nc4 Ra6 26. Bb4 Bg7 27. Nd2 Rg6 28. g3 g4 29. fxg4 hxg4
30. a5 Nf3+ 31. Nxf3 fxg3 32. hxg3 gxf3 {Najer,E (2599)-Shomoev,A (2397)/
Togliatti 2001/1-0}) 18... Nh4 19. cxd6 cxd6 20. Bb4 h5 21. Nd2 g4 22. Nc4 Ra6
23. Kh1 Nh7 24. fxg4 Nxg2 25. Kxg2 hxg4 26. Kh1 Qh4 27. Nd2 Ng5 28. Rg1 Nh3 29.
Rf1 Rf6 30. Qe1 Qh5 31. Rc1 Rh6 32. Nd1 {Radjabov,T (2533)-Smirin,I (2691)/Dos
Hermanas 2001/0-1}) (17... Rf7 18. cxd6 cxd6 19. Nb5 $16) 18. a5 (18. cxd6 cxd6
19. Nd2 Ne8 $16) 18... Ng6 19. cxd6 cxd6 20. Na4 g4 21. Nb6 Nxe4 $5 (21... Rxa5
22. Nxc8 Rxa3 23. Rxa3 Qxc8 24. Qd2 $16) 22. fxe4 $4 (22. Qc2 Qh4 23. Qxe4 Bf5
$16) 22... f3 23. Rf1 (23. gxf3 Qh4 24. Nd2 $14 (24. Nxa8 $4 g3 25. hxg3 Qxg3+
26. Kh1 Rf4 27. Bf1 Rh4+ 28. Bh3 Rxh3#) (24. Bxd6 $4 g3 25. hxg3 Qxg3+ 26. Kh1
Rf4 27. Be7 Nxe7 28. Bf1 Rh4+ 29. Bh3 Rxh3#) (24. Nxc8 $4 g3 25. Ne7+ Nxe7 26.
hxg3 Qxg3+ 27. Kf1 Ng6 $19)) 23... Nf4 24. Bxf3 gxf3 25. Rxf3 (25. Nxa8 $143
fxg2 26. Rxf4 exf4 $19) 25... Bg4 26. Nxa8 Qxa8 (26... Rf6 $5 27. Nd2 Qxa8 $16)
27. Bxd6 $16 Rf7 (27... Nh3+ 28. gxh3 Bxf3 29. Qc2 $14) 28. Qf1 $18 Qd8 (28...
h4 29. Nd2 Bxf3 30. Nxf3 $18 (30. Qxf3 $143 Qa6 31. Kh1 Qxd6 $19) (30. gxf3
Qa7+ 31. Kh1 Qd4 $18)) 29. Bc5 Bf8 $2 (29... Bxf3 30. gxf3 Qf6 $18) 30. Rf2 Qh4
(30... Bxc5 31. Nxc5 Qf8 32. Ne6 Bxe6 33. dxe6 $18) 31. Kh1 Ne2 (31... Bxc5 32.
Nxc5 Qe7 $18) 32. Rxf7 Ng3+ 33. Kg1 Bxc5+ 34. Nxc5 Ne2+ (34... Nxf1 35. Raxf1
Qd8 36. Nxb7 $18) 35. Qxe2 $1 Bxe2 36. Rf2 (36. Rf2 Bd3 37. d6 $18) 1-0

[Event "1. SCS GM Open"]
[Site "Bhubaneswar IND"]
[Date "2009.06.13"]
[Round "9"]
[White "Tiviakov, Sergei"]
[Black "Adhiban, Baskaran"]
[Result "0-1"]
[WhiteElo "2697"]
[BlackElo "2483"]
[PlyCount "50"]
[EventDate "2009.06.07"]
[EventType "swiss"]
[EventRounds "10"]
[EventCountry "IND"]
[Source "Mark Crowther"]
[SourceDate "2009.01.05"]

{C74: Spanische Partie (Moderne Steinitz-Verteidigung)} 1. e4 e5 2. Nf3 Nc6 3.
Bb5 a6 4. Ba4 d6 5. c3 f5 6. exf5 Bxf5 7. O-O Bd3 8. Re1 Be7 9. Re3 e4 10. Ne1
Bg5 11. Nxd3 Bxe3 12. Nb4 Bxf2+ 13. Kxf2 Qh4+ 14. Kg1 Nh6 15. Nxc6 $146 (15.
Qf1 Ng4 16. Qf4 Rf8 17. Qg3 Rf1+ 18. Kxf1 Nxh2+ 19. Qxh2 Qxh2 {Adams,M (2600)
-Piket,J (2550)/Wijk aan Zee 1991/ 0-1}) (15. d4 O-O 16. Qe2 e3 17. Bxe3 Rae8
18. Nd2 Ng4 19. g3 Qxh2+ 20. Qxh2 Nxh2 21. Nd5 Ng4 22. Bb3 Kh8 23. Rf1 Nxe3 24.
Nxe3 Rxf1+ 25. Ndxf1 Ne7 26. Kf2 g6 27. Nd2 Kg7 28. Nf3 Rf8 29. Ke2 Nf5 {
Zapata,A (2505)-Arencibia Rodriguez,W (2515)/Cienfuegos 1996/0-1}) (15. g3 Qh3
16. d4 Ng4 17. Qe2 O-O 18. Bf4 g5 19. Bb3+ Kh8 20. Be6 gxf4 21. Bxg4 Qh6 22.
Nd2 f3 23. Qd1 Nxb4 24. cxb4 Qe3+ 25. Kh1 Qf2 26. Bh3 Rae8 27. Rc1 e3 28. Rxc7
exd2 {Klavins,J-Mikenas,V/Riga 1959/ 0-1}) (15. Bxc6+ $143 bxc6 16. g3 Qh3 $17)
15... O-O 16. h3 $4 (16. Qe2 $142 bxc6 17. Bxc6 $14) 16... Rf2 $19 17. Ne7+ Kh8
(17... Qxe7 18. Kxf2 (18. Qb3+)) 18. Nd5 Raf8 19. Ne3 R8f3 20. Bd7 Qg3 21. Qe1
Nf7 (21... Rxe3 22. Qxf2 Re1+ 23. Qf1 $19) 22. d4 (22. Na3 Ne5 23. Nac2 Nxd7
24. d4 exd3 25. Nd4 Rxe3 26. Qxf2 Re1+ 27. Qf1 Rxf1+ 28. Kxf1 $19) 22... Rxe3
$1 23. Qxf2 (23. Bxe3 Qxg2#) (23. Qxe3 Qxg2#) 23... Re1+ 24. Qf1 e3 (24...
Rxf1+ 25. Kxf1 e3 26. Bxe3 Qxe3 27. Na3 Qd3+ 28. Kg1 $19) 25. Nd2 Qf2+ (25...
Qf2+ 26. Kh2 Rxf1 27. Nxf1 e2 $19) (25... exd2 $2 26. Bxd2 Rxf1+ 27. Rxf1 $18)
0-1